Ten Masters (Record no. 221127)
[ view plain ]
| 000 -LEADER | |
|---|---|
| fixed length control field | 01153nam a22003257a 4500 |
| 005 - DATE AND TIME OF LATEST TRANSACTION | |
| control field | 20220110112133.0 |
| 008 - FIXED-LENGTH DATA ELEMENTS--GENERAL INFORMATION | |
| fixed length control field | 220110b ||||| |||| 00| 0 eng d |
| 040 ## - CATALOGING SOURCE | |
| Transcribing agency | AL |
| 041 ## - LANGUAGE CODE | |
| Language code of text/sound track or separate title | eng |
| 082 ## - DEWEY DECIMAL CLASSIFICATION NUMBER | |
| Edition number | 23 |
| Classification number | 294.661 |
| Item number | SINT |
| 100 ## - MAIN ENTRY--PERSONAL NAME | |
| Personal name | Puran Singh |
| 100 ## - MAIN ENTRY--PERSONAL NAME | |
| 9 (RLIN) | 12761 |
| 245 ## - TITLE STATEMENT | |
| Title | Ten Masters |
| 260 ## - PUBLICATION, DISTRIBUTION, ETC. | |
| Place of publication, distribution, etc. | Amritsar: |
| Name of publisher, distributor, etc. | Khalsa Diwan, |
| Date of publication, distribution, etc. | 1980. |
| 300 ## - PHYSICAL DESCRIPTION | |
| Extent | xx,142 p. |
| Other physical details | HB |
| Dimensions | 21x14 cm. |
| 365 ## - TRADE PRICE | |
| Price amount | 11.00 |
| Currency code | ₹ |
| Unit of pricing | 11.00 |
| 520 ## - SUMMARY, ETC. | |
| Summary, etc. | The Book of the Ten Masters is the record of the teachers of the Sikhs. The history of human civilization took a new turn when the Sikh Gurus appeared on the scene of Medieval India. The Sikh movement served as a light-house for the people groping in the dark. They were t |
| 650 ## - SUBJECT ADDED ENTRY--TOPICAL TERM | |
| Topical term or geographic name entry element | Sikh Gurus |
| 9 (RLIN) | 12748 |
| 650 ## - SUBJECT ADDED ENTRY--TOPICAL TERM | |
| Topical term or geographic name entry element | Guru Nanak |
| 9 (RLIN) | 12749 |
| 650 ## - SUBJECT ADDED ENTRY--TOPICAL TERM | |
| Source of heading or term | Angad Nanak |
| 650 ## - SUBJECT ADDED ENTRY--TOPICAL TERM | |
| Topical term or geographic name entry element | Amardas Nanak |
| 9 (RLIN) | 12750 |
| 650 ## - SUBJECT ADDED ENTRY--TOPICAL TERM | |
| Topical term or geographic name entry element | Ramadas Nanak |
| 9 (RLIN) | 12751 |
| 650 ## - SUBJECT ADDED ENTRY--TOPICAL TERM | |
| Topical term or geographic name entry element | Arun Dev Nanak |
| 9 (RLIN) | 12752 |
| 650 ## - SUBJECT ADDED ENTRY--TOPICAL TERM | |
| Topical term or geographic name entry element | Har Gobind Nanak |
| 9 (RLIN) | 12753 |
| 650 ## - SUBJECT ADDED ENTRY--TOPICAL TERM | |
| Topical term or geographic name entry element | Har Rai Nanak |
| 9 (RLIN) | 12754 |
| 650 ## - SUBJECT ADDED ENTRY--TOPICAL TERM | |
| Topical term or geographic name entry element | Har Krishan Nanak |
| 9 (RLIN) | 12755 |
| 650 ## - SUBJECT ADDED ENTRY--TOPICAL TERM | |
| Topical term or geographic name entry element | Bahadur Nanak |
| 9 (RLIN) | 12756 |
| 650 ## - SUBJECT ADDED ENTRY--TOPICAL TERM | |
| Topical term or geographic name entry element | Gobind Singh Nanak |
| 9 (RLIN) | 12757 |
| 700 ## - ADDED ENTRY--PERSONAL NAME | |
| Personal name | SINGH (Puran) |
| 9 (RLIN) | 12760 |
| 942 ## - ADDED ENTRY ELEMENTS (KOHA) | |
| Source of classification or shelving scheme | Dewey Decimal Classification |
| Koha item type | George Fernandes Collections |
| Withdrawn status | Lost status | Source of classification or shelving scheme | Damaged status | Not for loan | Collection code | Home library | Current library | Date acquired | Total Checkouts | Full call number | Barcode | Date last seen | Price effective from | Koha item type |
|---|---|---|---|---|---|---|---|---|---|---|---|---|---|---|
| Dewey Decimal Classification | Others | St Aloysius Library | St Aloysius Library | 03/24/2013 | 294.661 SINT | GF00931 | 01/10/2022 | 01/10/2022 | George Fernandes Collections |